|
|
|
|
| LEADER |
01395nam a22003137a 4500 |
| 001 |
37915 |
| 003 |
BD-DhAAL |
| 005 |
20231009104746.0 |
| 008 |
220307t2005 ii a 000 0 ben d |
| 020 |
|
|
|a 817332488X
|
| 040 |
|
|
|a BD-DhAAL
|
| 041 |
|
|
|a ben
|
| 082 |
|
|
|a 891.44
|2 23
|
| 245 |
|
|
|a সমকালীন সাহিত্যে বঙ্গভঙ্গ /
|c বারিদবরণ ঘোষ সম্পাদিত.
|
| 246 |
|
|
|a Samakalin sahitye Banga Bhanga
|
| 250 |
|
|
|a প্রথম প্রকাশ.
|
| 260 |
|
|
|a কলকাতা :
|b পুনশ্চ,
|c ২০০৫.
|
| 300 |
|
|
|a ৪২৪ পৃষ্ঠা :
|b চিত্র ;
|c ২৫ সে.মি.
|
| 500 |
|
|
|a Collection of contemporary literature
|
| 541 |
|
|
|a Donated by Akbar Ali Khan
|e 37915
|
| 650 |
|
|
|a Bengali literature
|y 20th century.
|9 46471
|
| 650 |
|
|
|a Bengali literature.
|9 46472
|
| 651 |
|
|
|a Bengal (India)
|x History
|y Partition, 1905
|v Literary collections.
|9 46473
|
| 651 |
|
|
|a Bengal (India)
|x History
|y Partition, 1947
|v Literary collections.
|9 46474
|
| 700 |
|
|
|a ঘোষ, বারিদবরণ.
|9 46475
|
| 852 |
|
|
|a Ayesha Abed Library
|c Akbar Ali Khan Collection
|
| 942 |
|
|
|2 ddc
|c BK
|
| 999 |
|
|
|c 43676
|d 43676
|
| 952 |
|
|
|0 0
|1 0
|2 ddc
|4 0
|6 891_440000000000000_SAM
|7 1
|9 70011
|a BRACUL
|b BRACUL
|c AAKC
|d 2022-03-07
|e Donated by Akbar Ali Khan
|l 0
|o 891.44 SAM
|p 3010037915
|r 2022-03-07
|t 1
|w 2022-03-07
|y BK
|